|
|
|
|
| LEADER |
00000nam0a2200000 4500 |
| 001 |
148074 |
| 005 |
20231101221334.0 |
| 020 |
|
|
|a RU
|b 85-98017
|
| 035 |
|
|
|a (RuTPU)RU\TPU\book\160507
|
| 090 |
|
|
|a 148074
|
| 100 |
|
|
|a 20081126d1985 m y0rusy5003 ca
|
| 101 |
1 |
|
|a rus
|c arm
|
| 102 |
|
|
|a RU
|
| 105 |
|
|
|a a z 000ab
|
| 200 |
1 |
|
|a Самвел
|e исторический роман
|e пер. с арм.
|f Раффи
|g пер. А. Дубровина ; пер. И. Кусикьян ; авт. предисл. С. Даронян ; худож. А. Лурье
|
| 210 |
|
|
|a Москва
|c Художественная литература
|d 1985
|
| 215 |
|
|
|a 463 с.
|c цв. ил.
|
| 600 |
|
1 |
|a Самвел
|
| 606 |
1 |
|
|a Армянская литература
|2 stltpush
|3 (RuTPU)RU\TPU\subj\29419
|9 52760
|
| 610 |
1 |
|
|a Армения
|
| 610 |
1 |
|
|a 4 век
|
| 610 |
1 |
|
|a исторические романы
|
| 675 |
|
|
|a 894.981
|v 3
|
| 700 |
|
0 |
|a Раффи
|
| 702 |
|
1 |
|a Дубровина
|b А.
|4 730
|
| 702 |
|
1 |
|a Кусикьян
|b И.
|4 730
|
| 702 |
|
1 |
|a Даронян
|b С.
|4 080
|
| 702 |
|
1 |
|a Лурье
|b А.
|4 440
|
| 801 |
|
0 |
|a RU
|b RuMRKP
|c 19950704
|g psbo
|
| 801 |
|
1 |
|a RU
|b 63413507
|c 20081126
|g PSBO
|
| 801 |
|
2 |
|a RU
|b 63413507
|c 20200528
|g PSBO
|
| 942 |
|
|
|c BK
|